| 000 | 00620nam a22002297a 4500 | ||
|---|---|---|---|
| 005 | 20170124110105.0 | ||
| 010 | _a501140 | ||
| 020 | _c00.00 | ||
| 035 | _a501140 | ||
| 037 | _bCen Lib/Ret | ||
| 040 |
_aDPL _bEN |
||
| 082 |
_aS _bEWA |
||
| 100 |
_aEwart, Andrew _927862 |
||
| 245 |
_aThe world's greatest love affairs / _cby Andrew Ewart |
||
| 260 |
_aLondon _bOdhams Books _c1967 |
||
| 270 |
_bLondon _aLong Acre |
||
| 300 |
_a287p. ; _c17cm(Hb) _bill. |
||
| 500 | _aIncludes index | ||
| 650 |
_aEnglish literature _985821 |
||
| 650 |
_aStories _xWorld love affairs _927864 |
||
| 942 |
_2ddc _cEN _hS _mEWA |
||
| 999 |
_c129946 _d129946 |
||